Early retirement scheme proposed (Record no. 66490)

MARC details
000 -LEADER
fixed length control field 01062cam a2200241 4500
001 - CONTROL NUMBER
control field WB3712-44
008 - FIXED-LENGTH DATA ELEMENTS--GENERAL INFORMATION
fixed length control field 000000n2001 000 0 eng u
035 ## - SYSTEM CONTROL NUMBER
System control number (Sirsi) u111597
245 ## - TITLE STATEMENT
Title Early retirement scheme proposed
260 ## - PUBLICATION, DISTRIBUTION, ETC.
Date of publication, distribution, etc. 2001
490 ## - SERIES STATEMENT
Series statement Herald
Volume/sequential designation 21 March 2001, 24(1)
520 ## - SUMMARY, ETC.
Summary, etc. Farmers' leaders have presented plans to government that would allow farmers between the age of 60 and 65 with an annual income lower than £9,200 and net worth below £16,000 to leave the industry. Rural Development Regulation funding would then be used to provide retired farmers with incomes of up to £8,500 pa. The cost of the scheme is estimated at £25m but would allow the redeployment of land and buildings as a part of a wider restructuring of the industry.
590 ## - LOCAL NOTE (RLIN)
Local note WB
650 ## - SUBJECT ADDED ENTRY--TOPICAL TERM
Topical term or geographic name entry element EUROPEAN FUNDING
650 ## - SUBJECT ADDED ENTRY--TOPICAL TERM
Topical term or geographic name entry element FARMERS
650 ## - SUBJECT ADDED ENTRY--TOPICAL TERM
Topical term or geographic name entry element FARMING INDUSTRY
650 ## - SUBJECT ADDED ENTRY--TOPICAL TERM
Topical term or geographic name entry element RESTRUCTURING
650 ## - SUBJECT ADDED ENTRY--TOPICAL TERM
Topical term or geographic name entry element RETIREMENT RELIEF
650 ## - SUBJECT ADDED ENTRY--TOPICAL TERM
Topical term or geographic name entry element RETIREMENT TENANCIES
650 ## - SUBJECT ADDED ENTRY--TOPICAL TERM
Topical term or geographic name entry element RURAL DEVELOPMENT REGULATION
690 ## - LOCAL SUBJECT ADDED ENTRY--TOPICAL TERM (OCLC, RLIN)
Topical term or geographic name as entry element Rural
9 (RLIN) 6268
942 ## - ADDED ENTRY ELEMENTS (KOHA)
Suppress in OPAC 0
Holdings
Withdrawn status Lost status Source of classification or shelving scheme Damaged status Not for loan Home library Current library Shelving location Date acquired Total Checkouts Full call number Barcode Date last seen Copy number Price effective from Koha item type
    Dewey Decimal Classification     London London News article 22/03/2001   WB3712-44 111597-1001 06/08/2019 1 06/08/2019 News article